African Flags - Statistics

General Stats
  • This quiz has been taken 33 times
  • The average score is 20 of 54
Answer Stats
Picture Answer % Correct
Somalia
90%
Ivory Coast
85%
Nigeria
80%
Rwanda
80%
Seychelles
80%
Botswana
75%
Republic of the Congo
75%
South Sudan
75%
Lesotho
70%
Mali
70%
Mauritius
70%
The Gambia
70%
Zambia
70%
Gabon
65%
Libya
65%
Comoros
60%
Cameroon
55%
Morocco
55%
Democratic Republic of the Congo
50%
Liberia
50%
Ethiopia
45%
Togo
45%
Sudan
40%
Ghana
30%
Tanzania
30%
Guinea-Bissau
25%
Burkina Faso
20%
Burundi
20%
Central African Republic
20%
Mozambique
20%
Senegal
20%
South Africa
20%
Algeria
15%
Angola
15%
Djibouti
15%
Egypt
15%
Equatorial Guinea
15%
Eritrea
15%
Eswatini
15%
Guinea
15%
Kenya
15%
Madagascar
15%
Malawi
15%
Mauritania
15%
Namibia
15%
Sao Tome and Principe
15%
Sierra Leone
15%
Tunisia
15%
Benin
10%
Cabo Verde
10%
Chad
10%
Niger
10%
Uganda
10%
Zimbabwe
10%
No matching quizzes found
Score Distribution
Percent of People with Each Score
Percentile by Number Answered
Your Score History
You have not taken this quiz